000
00337nam a22001577a 4500
003
SGT
020
_a
9788175345836
082
_a
346.540486,ARO
100
_a
ARORA,MANISH
245
_a
GUIDE TO PATENTS LAW
250
_a
4TH
260
_a
NEW DELHI
_b
UNIVERSAL
_c
2015
300
_a
572
650
_a
PRIVATE LAW
942
_2
ddc
_c
BK
999
_c
10621
_d
10621